The 10 oranges (KHMER) / (Record no. 48858)
| 000 -LEADER | |
|---|---|
| fixed length control field | 00279nam a2200109 4500 |
| 100 ## - MAIN ENTRY--PERSONAL NAME | |
| Personal name | Kol, Seap |
| 9 (RLIN) | 86234 |
| 245 ## - TITLE STATEMENT | |
| Title | The 10 oranges (KHMER) / |
| Statement of responsibility, etc | Kol Seap |
| 260 ## - PUBLICATION, DISTRIBUTION, ETC. (IMPRINT) | |
| Place of publication, distribution, etc | Cambodia |
| Name of publisher, distributor, etc | JS |
| Date of publication, distribution, etc | 2020 |
| 300 ## - PHYSICAL DESCRIPTION | |
| Extent | 33 p. |
| Other physical details | col. ill. |
| Dimensions | 22 cm. |
| 650 ## - SUBJECT ADDED ENTRY--TOPICAL TERM | |
| Topical term or geographic name as entry element | Khmer Fiction |
| 9 (RLIN) | 80279 |
| 942 ## - ADDED ENTRY ELEMENTS (KOHA) | |
| Source of classification or shelving scheme | |
| Koha item type | Book |
| Withdrawn status | Lost status | Source of classification or shelving scheme | Damaged status | Not for loan | Collection code | Home library | Current library | Date acquired | Total Checkouts | Full call number | Barcode | Checked out | Date last seen | Date checked out | Price effective from | Koha item type |
|---|---|---|---|---|---|---|---|---|---|---|---|---|---|---|---|---|
| Siem Riep | Asian Hope Primary Library | Asian Hope Primary Library | 04/23/2025 | 18 | KHMER E KOL | 207856 | 05/07/2026 | 04/30/2026 | 04/30/2026 | 04/23/2025 | Book |